|
|
|
|
| LEADER |
00000nam a2200000 a 4500 |
| 001 |
vtls001330685 |
| 003 |
SK-MaSNL |
| 005 |
20260301200428.0 |
| 008 |
251113s1938 SE 0 eng |
| 035 |
|
|
|a SNK000283554
|
| 040 |
|
|
|a SNK
|b slo
|c SNK
|e AACR2
|
| 044 |
|
|
|a SE
|
| 100 |
1 |
|
|a Jarring, Gunnar
|4 aut
|9 579597
|
| 245 |
1 |
0 |
|a Uzbek tekst from Afgan Turkestan with glossary
|c by Gunnar Jarring
|
| 260 |
|
|
|a Lund [etc.] C. W. K. Gleerup [etc.]
|c [1938]
|e Lund
|f Hakan Ohlsson
|
| 300 |
|
|
|a 246 s.
|c 25 cm
|
| 490 |
1 |
|
|a Acta universitatis Lundensis. Nova series
|v 34:1/2
|
| 500 |
|
|
|a Súbež. text uzb.
|
| 830 |
|
0 |
|a Acta Universitatis Lundensis. Nova series
|9 290466
|
| 999 |
|
|
|c 890439
|d 892369
|
| 952 |
|
|
|t P60, <04>, [BOOK], {604}
|a SNK
|b SNK
|y VYP
|7 0
|p 17A0113729
|o snkIB 1087/34/prív. 2
|i snk4287/47
|0 0
|1 0
|4 0
|d 1998-05-12
|l 0
|r 2005-01-02 00:00:00
|w 2026-02-24
|